इसे छोड़कर सामग्री पर बढ़ने के लिए

Методика оценки образовательных электронных ресурсов учебное пособие

В учебном пособии рассматриваются основные научные положения, регламентирующие требования к образовательным электронным ресурсам и являющиеся основой для формирования системы рекомендаций по созданию и использованию качественных средств информатизации образования. Материал учебного пособия ориентиро...

पूर्ण विवरण

में बचाया:
ग्रंथसूची विवरण
मुख्य लेखक: Гриншкун, В. В. (070)
स्वरूप: Книга
विषय:
ऑनलाइन पहुंच:Перейти к просмотру издания
टैग : टैग जोड़ें
कोई टैग नहीं, इस रिकॉर्ड को टैग करने वाले पहले व्यक्ति बनें!
LEADER 02768nam0a2200397 4500
001 RU/IPR SMART/26521
856 4 |u https://www.iprbookshop.ru/26521.html  |z Перейти к просмотру издания 
801 1 |a RU  |b IPR SMART  |c 20250903  |g RCR 
010 |a 2227-8397 
205 |a Методика оценки образовательных электронных ресурсов  |b Весь срок охраны авторского права 
333 |a Весь срок охраны авторского права 
100 |a 20250903d2012 k y0rusy01020304ca 
105 |a y j 000zy 
101 0 |a rus 
102 |a RU 
200 1 |a Методика оценки образовательных электронных ресурсов  |e учебное пособие  |f В. В. Гриншкун, О. Ю. Заславская, В. С. Корнилов 
700 1 |a Гриншкун,   |b В. В.  |4 070 
701 1 |a Заславская,   |b О. Ю.  |4 070 
701 1 |a Корнилов,   |b В. С.  |4 070 
330 |a В учебном пособии рассматриваются основные научные положения, регламентирующие требования к образовательным электронным ресурсам и являющиеся основой для формирования системы рекомендаций по созданию и использованию качественных средств информатизации образования. Материал учебного пособия ориентирован на преподавателей, учителей, специалистов, занимающихся формированием содержания образования, экспертов, студентов и аспирантов педагогических вузов и факультетов, а также студентов педагогических колледжей. 
210 |a Москва  |c Московский городской педагогический университет  |d 2012 
610 1 |a методика оценки 
610 1 |a образовательный ресурс 
610 1 |a электронный ресурс 
610 1 |a критерий оценки 
610 1 |a оценка ресурса 
610 1 |a типология ресурсов 
675 |a 378 
686 |a 74.580  |2 rubbk 
300 |a Книга находится в премиум-версии IPR SMART. 
106 |a s 
230 |a Электрон. дан. (1 файл) 
336 |a Текст 
337 |a электронный 
503 0 |a Доступна эл. версия. IPR SMART 
215 |a 144 с.